Tatranský národný park pohľad z lyžiarskej lúky nad Hrebienkom (1263 m) na Lomnický štít (2632 m) a Lomnický hrebeň

Bibliographic Details
Other Authors: Nehera, Otakar, 1917-2009 (Photographer)
Format: Postcard
Language:Slovak
PhysicalDescription:1 pohľadnica čiernobiela 11x15 cm
Published: [Bratislava] VPL 1964
Subjects:

MARC

LEADER 00000nkm a2200000 a 4500
001 vtls010694004
003 SK-MaSNL
005 20260512130244.0
007 kp bo
008 231212s1964 xo g 00 kuslo
015 |a SNBG 
035 |a 8D399EF6-F13D-428D-AEDA-4E29C1B407B4 
035 |a urn:nbn:sk:snk-kmxyuu 
035 |a urn:nbn:sk:snk-km0055ne 
040 |a SNK  |b slo  |c SNK  |e AACR2 
041 0 |a slo 
043 |a e-xo--- 
044 |a xo  |c SK 
080 |a 908(437.6)  |2 2001 
080 |a (084.121)  |2 2001 
100 1 |a Nehera, Otakar,  |d 1917-2009  |4 pht  |9 57449 
245 1 0 |a Tatranský národný park  |h grafika  |b pohľad z lyžiarskej lúky nad Hrebienkom (1263 m) na Lomnický štít (2632 m) a Lomnický hrebeň  |c Foto Otakar Nehera 
260 |a [Bratislava]  |b VPL  |c 1964 
300 |a 1 pohľadnica  |b čiernobiela  |c 11x15 cm 
651 7 |a Hrebienok (Vysoké Tatry, Slovensko)  |2 SNKPH  |9 86625 
655 7 |a miestne pohľadnice  |2 SNKPH  |9 70510 
852 |a Slovenská národná knižnica 
954 |a pohľadnice pôvodné (slovenské)  |2 lita 
954 |a pohľadnice cudzojazyčné (svetové)  |2 lita 
958 |a GC 
958 |a GBN 
958 |a OND 
999 |c 1186463  |d 1188393 
952 |a SNK  |b SNK  |y PREZ  |7 0  |p 17A0700753  |o snkSP 1889  |0 0  |1 0  |4 0  |d 2015-07-21  |f 1  |l 0  |r 2026-02-24 21:57:53  |w 2026-02-24